000 00871nam a2200241Ia 4500
003 OSt
005 20220923224020.0
006 a|||||r|||| 00| 0
007 ta
008 220922b |||||||| |||| 00| 0 hin d
024 _a224,077
037 _cTextual
040 _aARTS
_cARTS
_bhin
041 _2hin
_ahin
082 _a4:(Y5927), 152P5
100 _aनैमिशराय, मोहनदास
245 0 _aदलित पत्रकारिता
_b सामाजिक व राजनीतिक चिंतन
246 _aDalit patrakāritā: sāmājik v rājanītik chiantana
260 _aदिल्ली
_b श्री नटराज प्रकाशन
_c2005
300 _a288पृ.
_ccm.
942 _h4:(Y5927), 152P5
_cTEXL
_2CC
999 _c368693
_d368693